000 00741cam a2200241 4500
001 B2070
008 090401t1987 xxu||||| |||| 00| 0 eng d
035 _a(Sirsi) u47878
041 _aeng
050 _a692.8
110 _aJoint Contracts Tribunal
_93664
245 _aStandard form of building contract with contractor`s design 1981 edition; incorporating amendment 1: 1986
260 _aLondon
_bRoyal Institute of British Architects
_c1987
300 _a64p. ; 30cm.
350 _a7.2
520 _aBold title on cover: with contractors design.
650 _aCONTRACTORS DESIGN
650 _aDESIGN AND BUILD CONTRACTS
650 _aJCT 1981 WITH CONTRACTORS DESIGN
650 _aWCD98
942 _n0
948 _c04/03/1997
999 _c92234
_d92234